[Event "DVM U16 2013"]
[Site "Lingen (Ems) GER"]
[Date "2013.12.29"]
[Round "5"]
[White "Kragge, Jan"]
[Black "Ender, Paul Marius"]
[Result "1-0"]
[Termination "normal"]
[Board "4.4"]
[WhiteElo "1681"]
[BlackElo "1565"]
[WhiteTeam "Stader SV"]
[BlackTeam "USV Potsdam"]
[WhiteFideId "12930415"]
[BlackFideId "12936545"]
[EventCountry "GER"]
[EventRounds "7"]
[EventType "team-swiss"]
[EventDate "2013.12.26"]

1. e4 e5 2. Nf3 d6 3. Bc4 Be7 4. Nc3 Nf6 5. d4 exd4 6. Nxd4 Nbd7 7. O-O O-O 8.
Re1 Re8 9. Bf4 h6 10. f3 Ne5 11. Bb3 Bd7 12. a3 Nc6 13. Nxc6 Bxc6 14. Qd2 Bf8
15. Rad1 Nd7 16. Qf2 Qf6 17. Bc1 Nb6 18. Qg3 Rac8 19. Bf4 Kh8 20. Be3 Qe7 21.
Bd4 f6 22. Qg6 Red8 23. Qg3 Qe8 24. Bxf6 Rd7 25. Bd4 Re7 26. Qh4 Bxe4 27. Nxe4
Rxe4 28. Qxh6# 1-0

[Event "DVM U16 2013"]
[Site "Lingen (Ems) GER"]
[Date "2013.12.29"]
[Round "5"]
[White "Pixa, Richard"]
[Black "Schulz, Lukas"]
[Result "1/2-1/2"]
[Termination "normal"]
[Board "5.1"]
[WhiteElo "1958"]
[BlackElo "1923"]
[WhiteTeam "Treptower SV 1949"]
[BlackTeam "SC Höchstadt"]
[WhiteFideId "4626095"]
[BlackFideId "12924881"]
[EventCountry "GER"]
[EventRounds "7"]
[EventType "team-swiss"]
[EventDate "2013.12.26"]

1. d4 c5 2. d5 e5 3. c4 d6 4. Nc3 Ne7 5. e4 Ng6 6. Nge2 Be7 7. Ng3 O-O 8. Be2
Na6 9. O-O Nc7 10. Bg4 Bg5 11. Bxc8 Rxc8 12. Nf5 Bxc1 13. Rxc1 Nh4 14. Qg4 Nxf5
15. Qxf5 g6 16. Qg4 Qe7 17. Rce1 Kg7 18. g3 Rb8 19. f4 f6 20. Re2 b5 21. cxb5
Nxb5 22. Nxb5 Rxb5 23. fxe5 fxe5 24. Rxf8 Kxf8 25. Qc8+ Kg7 26. Rf2 Rb4 27. a3
Rb7 28. h4 Rc7 29. Qb8 Rb7 30. Qa8 h5 31. a4 Rd7 32. Rf3 Rd8 33. Qc6 Rf8 34.
Rxf8 Kxf8 35. a5 Qd8 36. a6 Kg7 37. Qb5 Kh6 38. Kg2 g5 39. hxg5+ Qxg5 40. Qb8
Qg6 41. Qh8+ Kg5 42. Kh3 Qxe4 43. Qg7+ Qg6 44. Qxa7 Qf5+ 45. Kg2 Qe4+ 46. Kh2
Qe2+ 1/2-1/2

[Event "DVM U16 2013"]
[Site "Lingen (Ems) GER"]
[Date "2013.12.29"]
[Round "5"]
[White "Koch, Christian"]
[Black "Klodt, Daniel"]
[Result "1/2-1/2"]
[Termination "normal"]
[Board "5.2"]
[WhiteElo "1834"]
[BlackElo "1631"]
[WhiteTeam "SC Höchstadt"]
[BlackTeam "Treptower SV 1949"]
[WhiteFideId "1272124"]
[BlackFideId "12938068"]
[EventCountry "GER"]
[EventRounds "7"]
[EventType "team-swiss"]
[EventDate "2013.12.26"]

1. e4 e6 2. Nc3 d5 3. g3 Nf6 4. Bg2 dxe4 5. Nxe4 Nxe4 6. Bxe4 Nd7 7. d4 Nf6 8.
Bg2 c6 9. Nf3 Bd6 10. O-O O-O 11. Ne5 Qc7 12. Nc4 e5 13. dxe5 Bxe5 14. Nxe5
Qxe5 15. Re1 Qa5 16. Bd2 Qb6 17. b3 Bg4 18. Qc1 Nd5 19. c4 Nf6 20. Bc3 Bh5 21.
Qg5 Bg6 22. Bxf6 gxf6 23. Qxf6 Qd8 24. Qf4 Rb8 25. h4 Qd7 26. g4 f5 27. Rad1
Qf7 28. g5 Rbe8 29. c5 Qg7 30. Bf3 Qc3 31. Rxe8 Bxe8 32. b4 a5 33. h5 axb4 34.
Rc1 Qg7 35. h6 Qe7 36. Kh1 Bg6 1/2-1/2

[Event "DVM U16 2013"]
[Site "Lingen (Ems) GER"]
[Date "2013.12.29"]
[Round "5"]
[White "Hesse, Henrik"]
[Black "Mönius, Alexander"]
[Result "1/2-1/2"]
[Termination "normal"]
[Board "5.3"]
[WhiteElo "1701"]
[BlackElo "1727"]
[WhiteTeam "Treptower SV 1949"]
[BlackTeam "SC Höchstadt"]
[WhiteFideId "12952060"]
[BlackFideId "12949795"]
[EventCountry "GER"]
[EventRounds "7"]
[EventType "team-swiss"]
[EventDate "2013.12.26"]

1. c4 e6 2. Nc3 d5 3. cxd5 exd5 4. d4 c6 5. Nf3 Bd6 6. g3 Bf5 7. Bg2 Nf6 8. O-O
O-O 9. Nh4 Be6 10. e4 dxe4 11. Nxe4 Nxe4 12. Bxe4 Nd7 13. Bd2 Nf6 14. Bg2 Nd5
15. Nf3 f6 16. Re1 Bf7 17. Bh3 Qb6 18. Qa4 Rfe8 19. b3 Bb4 20. Bxb4 Qxb4 21.
Qxb4 Nxb4 22. Rxe8+ Rxe8 23. Kf1 Rd8 24. Ke2 Bd5 25. Ne1 Be4 26. a3 Nd5 27. Rc1
Nc7 28. Bf1 Nb5 29. Ke3 Re8 30. Bxb5 cxb5 31. Kd2 Bd5 32. Rc3 Bc6 33. Nc2 Rd8
34. Re3 Kf7 35. Kc3 a5 36. f3 Rd5 37. Rd3 Rf5 38. f4 Be4 39. Re3 Bxc2 40. Kxc2
Rh5 41. h4 Rd5 42. Kd3 Rd6 43. Re2 Re6 44. Rc2 Rc6 45. Re2 1/2-1/2

[Event "DVM U16 2013"]
[Site "Lingen (Ems) GER"]
[Date "2013.12.29"]
[Round "5"]
[White "Mönius, Oliver"]
[Black "Pixa, Ulrich"]
[Result "1/2-1/2"]
[Termination "normal"]
[Board "5.4"]
[WhiteElo "1400"]
[BlackElo "1518"]
[WhiteTeam "SC Höchstadt"]
[BlackTeam "Treptower SV 1949"]
[WhiteFideId "12949906"]
[BlackFideId "4697723"]
[EventCountry "GER"]
[EventRounds "7"]
[EventType "team-swiss"]
[EventDate "2013.12.26"]

1. d4 Nf6 2. c4 e6 3. Nc3 Bb4 4. Bd2 Bxc3 5. Bxc3 Ne4 6. e3 b6 7. Qg4 Nf6 8.
Qxg7 Rg8 9. Qh6 Bb7 10. f3 d6 11. Qh4 Nbd7 12. O-O-O Qe7 13. Qf2 d5 14. Bd3
dxc4 15. Bxc4 Bd5 16. Bxd5 Nxd5 17. Ne2 Qg5 18. Bd2 Qxg2 19. Qxg2 Rxg2 20. Ng3
O-O-O 21. e4 1/2-1/2

[Event "DVM U16 2013"]
[Site "Lingen (Ems) GER"]
[Date "2013.12.29"]
[Round "5"]
[White "Grimm, Julius"]
[Black "Oberhofer, Cédric"]
[Result "0-1"]
[Termination "normal"]
[Board "6.1"]
[WhiteElo "1944"]
[BlackElo "1911"]
[WhiteTeam "Schachforum Darmstadt"]
[BlackTeam "SC Bavaria Regensburg"]
[WhiteFideId "12916986"]
[BlackFideId "12941220"]
[EventCountry "GER"]
[EventRounds "7"]
[EventType "team-swiss"]
[EventDate "2013.12.26"]

1. d4 Nf6 2. c4 c5 3. d5 e6 4. Nc3 exd5 5. cxd5 d6 6. e4 g6 7. Nge2 Bg7 8. Ng3
O-O 9. Be2 a6 10. a4 Re8 11. O-O Nbd7 12. f3 h5 13. Bg5 Qa5 14. Qd2 Nh7 15. Bh4
Bd4+ 16. Kh1 f6 17. f4 Qd8 18. e5 dxe5 19. f5 Bxc3 20. bxc3 g5 21. Nxh5 gxh4
22. d6 Ng5 23. a5 Nf8 24. Ra4 e4 25. Rf4 Nfh7 26. Bc4+ Kh8 27. Rxh4 e3 28. Qd1
Bxf5 29. Be2 Re6 30. d7 Qe7 31. Raf4 Rd6 32. Qf1 Bxd7 33. Nxf6 Rxf6 34. Rxf6
Kg7 35. Rfh6 Rf8 36. Qb1 Bf5 37. Qb6 Be4 38. Rxh7+ Nxh7 39. Qh6+ Kh8 40. Rg4
Rf2 41. Bc4 Bd5 0-1

[Event "DVM U16 2013"]
[Site "Lingen (Ems) GER"]
[Date "2013.12.29"]
[Round "5"]
[White "Dechant, Georg"]
[Black "Nothnagel, Marian Can"]
[Result "0-1"]
[Termination "normal"]
[Board "6.2"]
[WhiteElo "1689"]
[BlackElo "1779"]
[WhiteTeam "SC Bavaria Regensburg"]
[BlackTeam "Schachforum Darmstadt"]
[WhiteFideId "12956716"]
[BlackFideId "12921530"]
[EventCountry "GER"]
[EventRounds "7"]
[EventType "team-swiss"]
[EventDate "2013.12.26"]

1. e4 c5 2. Nf3 d6 3. d4 cxd4 4. Nxd4 Nf6 5. Nc3 a6 6. f4 Qc7 7. Qf3 e6 8. Be3
Nbd7 9. g4 h6 10. O-O-O b5 11. a3 Bb7 12. Kb1 Rc8 13. Bd3 Be7 14. h4 Nf8 15.
Rdf1 N6d7 16. g5 h5 17. f5 e5 18. Nde2 Qa5 19. Na2 Rh7 20. g6 Rh8 21. gxf7+
Kxf7 22. Bg5 Qd8 23. Rfg1 Nf6 24. Ng3 N8d7 25. c3 Kf8 26. Bc2 Qe8 27. Nb4 a5
28. Nd3 Rc4 29. Nf2 Qa8 30. Bd3 Ra4 31. Bxb5 Rxe4 32. Ngxe4 Nxe4 33. Bxe7+ Kxe7
34. Nxe4 Bxe4+ 0-1

[Event "DVM U16 2013"]
[Site "Lingen (Ems) GER"]
[Date "2013.12.29"]
[Round "5"]
[White "Tampe, Alexander"]
[Black "Rösl, Martin"]
[Result "0-1"]
[Termination "normal"]
[Board "6.3"]
[WhiteElo "1712"]
[BlackElo "1536"]
[WhiteTeam "Schachforum Darmstadt"]
[BlackTeam "SC Bavaria Regensburg"]
[WhiteFideId "12921572"]
[BlackFideId "12983098"]
[EventCountry "GER"]
[EventRounds "7"]
[EventType "team-swiss"]
[EventDate "2013.12.26"]

1. e4 c5 2. Nf3 Nc6 3. Nc3 e6 4. Bc4 a6 5. a4 Be7 6. O-O Qc7 7. d4 cxd4 8. Nxd4
Nf6 9. Be3 O-O 10. f4 d6 11. Qd2 Ng4 12. Rae1 Nxe3 13. Qxe3 Nxd4 14. Qxd4 d5
15. Nxd5 exd5 16. Qxd5 Be6 17. Qh5 Qc5+ 0-1

[Event "DVM U16 2013"]
[Site "Lingen (Ems) GER"]
[Date "2013.12.29"]
[Round "5"]
[White "Oberhofer, Marie"]
[Black "Uellner, Ferdinand"]
[Result "1/2-1/2"]
[Termination "normal"]
[Board "6.4"]
[WhiteElo "1542"]
[BlackElo "1246"]
[WhiteTeam "SC Bavaria Regensburg"]
[BlackTeam "Schachforum Darmstadt"]
[WhiteFideId "12938165"]
[BlackFideId "12983101"]
[EventCountry "GER"]
[EventRounds "7"]
[EventType "team-swiss"]
[EventDate "2013.12.26"]

1. e4 e5 2. Nf3 Nc6 3. Bb5 a6 4. Ba4 Nf6 5. O-O b5 6. Bb3 Bc5 7. c3 d6 8. d4
Bb6 9. Re1 O-O 10. h3 h6 11. Bc2 Bb7 12. Be3 Re8 13. Nbd2 exd4 14. Nxd4 Ne5 15.
Nf5 Bxe3 16. Rxe3 Qd7 17. Rg3 Ng6 18. Qf3 Re5 19. Nd4 c5 20. Ne2 Rae8 21. Nf4
Nxf4 22. Qxf4 Nh5 23. Qg4 Qxg4 24. Rxg4 Nf6 25. Rf4 Nxe4 26. Nf3 R5e6 27. Rd1
d5 28. Bxe4 Rxe4 29. Rxe4 Rxe4 30. Nd2 Re6 31. Kf1 g5 32. Nb3 c4 33. Nc5 Re7
34. Nxb7 Rxb7 35. Rxd5 Re7 36. Rd6 Re6 37. Rxe6 fxe6 38. Ke2 Kf7 39. Ke3 e5 40.
Ke4 Ke6 41. g3 a5 42. a3 h5 43. f3 1/2-1/2

[Event "DVM U16 2013"]
[Site "Lingen (Ems) GER"]
[Date "2013.12.29"]
[Round "5"]
[White "Werner, Justus"]
[Black "Flüchter, Gregor"]
[Result "0-1"]
[Termination "normal"]
[Board "7.1"]
[WhiteElo "1794"]
[BlackElo "2041"]
[WhiteTeam "SG Blau-Weiß Stadtilm"]
[BlackTeam "SF Dortmund-Brackel 1930"]
[WhiteFideId "12941107"]
[BlackFideId "12903396"]
[EventCountry "GER"]
[EventRounds "7"]
[EventType "team-swiss"]
[EventDate "2013.12.26"]

1. e4 c5 2. Nc3 d6 3. f4 Nc6 4. Nf3 g6 5. Bc4 Bg7 6. O-O e6 7. d3 Nge7 8. Qe1
O-O 9. Qh4 d5 10. Bb3 Na5 11. f5 exf5 12. Bg5 f6 13. Nxd5 Nxb3 14. Nxf6+ Bxf6
15. Bxf6 Rxf6 16. Ng5 h5 17. axb3 Nc6 18. Rf2 Ne5 19. Raf1 Bd7 20. h3 Qe7 21.
g4 hxg4 22. hxg4 Nxg4 23. Rf3 Qg7 24. Qh1 fxe4 25. dxe4 Rxf3 26. Qxf3 Qd4+ 0-1

[Event "DVM U16 2013"]
[Site "Lingen (Ems) GER"]
[Date "2013.12.29"]
[Round "5"]
[White "Birnkraut, Tim"]
[Black "Schmidt, Daniel"]
[Result "1-0"]
[Termination "normal"]
[Board "7.2"]
[WhiteElo "1804"]
[BlackElo "1816"]
[WhiteTeam "SF Dortmund-Brackel 1930"]
[BlackTeam "SG Blau-Weiß Stadtilm"]
[WhiteFideId "24609587"]
[BlackFideId "12957950"]
[EventCountry "GER"]
[EventRounds "7"]
[EventType "team-swiss"]
[EventDate "2013.12.26"]

1. e4 c5 2. c3 Nf6 3. e5 Nd5 4. Nf3 e6 5. d4 cxd4 6. cxd4 b6 7. Nc3 Nxc3 8.
bxc3 Qc7 9. Bd2 d5 10. Qb3 Bb7 11. c4 dxc4 12. Bxc4 Nc6 13. O-O O-O-O 14. Rac1
Kb8 15. Bc3 Ne7 16. Bb2 Qd7 17. Rfd1 Nd5 18. Bb5 Qe7 19. a4 a5 20. Ra1 Qb4 21.
Qxb4 Bxb4 22. Ng5 Rdf8 23. Ba3 Bxa3 24. Rxa3 Nf4 25. f3 f6 26. exf6 gxf6 27.
Ne4 Bxe4 28. fxe4 Rd8 29. Rf3 e5 30. d5 Rhg8 31. g3 Rd6 32. Kh1 Nh5 33. Rdf1
Rf8 34. Rf5 Ng7 35. Rxe5 Rf7 36. g4 Rc7 37. Ref5 Nxf5 38. Rxf5 Re7 39. Rf4 Kc7
40. Kg2 Rg7 41. Kf3 Kd8 42. Rf5 Rg5 43. Rf4 h5 44. h4 hxg4+ 45. Rxg4 Rxg4 46.
Kxg4 Ke7 47. Kf5 Kf7 48. h5 Rd8 49. e5 Rxd5 50. Bc4 1-0

[Event "DVM U16 2013"]
[Site "Lingen (Ems) GER"]
[Date "2013.12.29"]
[Round "5"]
[White "Mann, Jonas"]
[Black "Trümper, Michael"]
[Result "1-0"]
[Termination "normal"]
[Board "7.3"]
[WhiteElo "1771"]
[BlackElo "1814"]
[WhiteTeam "SG Blau-Weiß Stadtilm"]
[BlackTeam "SF Dortmund-Brackel 1930"]
[WhiteFideId "12900214"]
[BlackFideId "12946095"]
[EventCountry "GER"]
[EventRounds "7"]
[EventType "team-swiss"]
[EventDate "2013.12.26"]

1. c4 c6 2. g3 d5 3. Bg2 Nf6 4. cxd5 cxd5 5. Nf3 Nc6 6. O-O e5 7. d4 e4 8. Ne5
Bd6 9. Nxc6 bxc6 10. Qc2 Qb6 11. Bg5 Ba6 12. Rc1 Rc8 13. Bxf6 gxf6 14. Qd2 Rb8
15. b3 Rg8 16. Nc3 Ke7 17. f3 f5 18. Kh1 Qc7 19. Nxd5+ cxd5 20. Rxc7+ Bxc7 21.
Rc1 Bb6 22. fxe4 fxe4 23. Qf4 Rbd8 24. e3 Rd6 25. Qe5+ Re6 26. Qxd5 Rd8 27.
Qg5+ Kf8 28. Qh4 Bb7 29. Qxh7 Ke7 30. Rf1 Rf8 31. Qh4+ Ke8 32. Bh3 Rd6 33. Qg5
Bc7 34. Rc1 Rd5 35. Qh4 Bd8 36. Qxe4+ Be7 37. Rc7 1-0

[Event "DVM U16 2013"]
[Site "Lingen (Ems) GER"]
[Date "2013.12.29"]
[Round "5"]
[White "Wastian, Jan"]
[Black "Dittrich, Tom"]
[Result "1/2-1/2"]
[Termination "normal"]
[Board "7.4"]
[WhiteElo "1630"]
[BlackElo "1666"]
[WhiteTeam "SF Dortmund-Brackel 1930"]
[BlackTeam "SG Blau-Weiß Stadtilm"]
[WhiteFideId "12911640"]
[BlackFideId "12923532"]
[EventCountry "GER"]
[EventRounds "7"]
[EventType "team-swiss"]
[EventDate "2013.12.26"]

1. e4 c5 2. c3 Nf6 3. e5 Nd5 4. d4 cxd4 5. Nf3 e6 6. cxd4 b6 7. Bc4 Bb7 8. O-O
Qc7 9. Bb3 d6 10. Bd2 Be7 11. Nc3 Nxc3 12. Bxc3 d5 13. Bc2 Nc6 14. Qd2 O-O 15.
Bd3 Rac8 16. Rac1 Qd7 17. a3 Rc7 18. Ng5 h6 19. Nf3 a6 20. Bb1 Rfc8 21. Qd3 g6
22. Bd2 Bf8 23. h4 h5 24. Rfd1 b5 25. Nh2 b4 26. g4 bxa3 27. bxa3 Qe7 28. Bg5
Qxa3 29. Rc3 Qa4 30. Bc2 Qb5 31. Qe3 Nxd4 32. Rxc7 Rxc7 33. Bd3 Qc5 34. Rc1
Qxc1+ 35. Qxc1 Rxc1+ 36. Bxc1 hxg4 37. Kg2 a5 38. Nxg4 a4 39. Bb2 Nb3 40. Bc2
d4+ 41. Kg3 d3 42. Bxd3 a3 43. Bc3 a2 44. Nf6+ Kg7 45. h5 a1=Q 46. Bxa1 Nxa1
47. hxg6 fxg6 48. Bc4 Kf7 49. Nh7 Be7 50. Kf4 Nc2 51. Ng5+ Bxg5+ 52. Kxg5 Nd4
53. Kf4 Nf3 54. Be2 g5+ 55. Kg4 Kg6 56. Bxf3 Bxf3+ 57. Kxf3 Kh5 58. Kg3 g4 59.
f4 gxf3 60. Kxf3 Kg5 61. Kg3 Kf5 62. Kf3 Kxe5 63. Ke3 Kd5 64. Kd3 e5 65. Ke3 e4
66. Ke2 Kd4 67. Kd2 e3+ 68. Ke2 Ke4 69. Ke1 1/2-1/2

[Event "DVM U16 2013"]
[Site "Lingen (Ems) GER"]
[Date "2013.12.29"]
[Round "5"]
[White "Imcke, Patrick"]
[Black "Zolfagharian, Kevin"]
[Result "1/2-1/2"]
[Termination "normal"]
[Board "8.1"]
[WhiteElo "2014"]
[BlackElo "2036"]
[WhiteTeam "SF Katernberg"]
[BlackTeam "SG Solingen"]
[WhiteFideId "4622502"]
[BlackFideId "12933570"]
[EventCountry "GER"]
[EventRounds "7"]
[EventType "team-swiss"]
[EventDate "2013.12.26"]

1. e4 b6 2. d4 Bb7 3. Nc3 e6 4. Bd3 Bb4 5. Nge2 Ne7 6. O-O O-O 7. a3 Bxc3 8.
Nxc3 Nbc6 9. d5 Ne5 10. Be2 exd5 11. exd5 Nf5 12. f4 Ng6 13. Qd3 Qf6 14. Kh1 c5
15. Ne4 Qd4 16. c4 Rfe8 17. Qxd4 Nxd4 18. Bd3 Ba6 19. Nd6 Reb8 20. a4 Ne7 21.
Re1 Nxd5 22. Be4 Nb4 23. Bd2 1/2-1/2

[Event "DVM U16 2013"]
[Site "Lingen (Ems) GER"]
[Date "2013.12.29"]
[Round "5"]
[White "Nguyen, Gia Huy Philipp"]
[Black "Schimnatkowski, Lukas"]
[Result "1-0"]
[Termination "normal"]
[Board "8.2"]
[WhiteElo "1563"]
[BlackElo "1739"]
[WhiteTeam "SG Solingen"]
[BlackTeam "SF Katernberg"]
[WhiteFideId "12933597"]
[BlackFideId "12936723"]
[EventCountry "GER"]
[EventRounds "7"]
[EventType "team-swiss"]
[EventDate "2013.12.26"]

1. e4 e6 2. Nf3 d5 3. Nc3 Nf6 4. e5 Nfd7 5. d4 c5 6. Bg5 Qb6 7. dxc5 Bxc5 8.
Qd2 Bxf2+ 9. Qxf2 Qxb2 10. Kd2 Qxa1 11. Bb5 Qxh1 12. Qc5 Qxg2+ 13. Kc1 f6 14.
exf6 Qf1+ 15. Nd1 gxf6 16. Bxf6 Qxd1+ 17. Kxd1 Kf7 18. Qe7+ Kg6 19. Qg7+ Kf5
20. Bd3+ Kf4 21. Qg3+ Ke3 22. Bd4# 1-0

[Event "DVM U16 2013"]
[Site "Lingen (Ems) GER"]
[Date "2013.12.29"]
[Round "5"]
[White "Kennemann, Henrik Jan"]
[Black "Nink, Niklas"]
[Result "1-0"]
[Termination "normal"]
[Board "8.3"]
[WhiteElo "1637"]
[BlackElo "1493"]
[WhiteTeam "SF Katernberg"]
[BlackTeam "SG Solingen"]
[WhiteFideId "1271856"]
[BlackFideId "12944610"]
[EventCountry "GER"]
[EventRounds "7"]
[EventType "team-swiss"]
[EventDate "2013.12.26"]

1. d4 Nf6 2. Nc3 d5 3. e4 Nxe4 4. Nxe4 dxe4 5. f3 Bf5 6. c3 e5 7. Be3 a6 8. Qb3
Be6 9. Qa4+ Nc6 10. O-O-O Qd5 11. c4 Qa5 12. Qxa5 Nxa5 13. d5 Bf5 14. c5 b5 15.
b4 Nb7 16. f4 exf4 17. Bxf4 O-O-O 18. a4 a5 19. c6 Nd6 20. bxa5 bxa4 21. Ba6+
Kb8 22. Be3 Bc8 23. Be2 Nf5 24. Bf4 Bb4 25. g4 Ne7 26. Bc4 Bxg4 27. Rd4 Bc3 28.
d6 Bxd4 29. dxc7+ Ka7 30. cxd8=Q Rxd8 31. c7 Rc8 32. Ne2 Bxe2 33. Bxe2 Nd5 34.
Bg4 Nxf4 35. Bxc8 Be5 36. Rd1 Nd3+ 37. Kb1 g6 38. Rf1 Nf4 39. Rc1 Nd5 40. Rc5
Bxc7 41. Rxd5 Bxh2 42. a6 Bg1 43. Rd7+ Kb8 44. Bb7 e3 45. Rxf7 Bf2 46. Bf3 1-0

[Event "DVM U16 2013"]
[Site "Lingen (Ems) GER"]
[Date "2013.12.29"]
[Round "5"]
[White "Barche, Robert"]
[Black "Marvani, Arman"]
[Result "0-1"]
[Termination "normal"]
[Board "8.4"]
[WhiteElo "1308"]
[BlackElo "1457"]
[WhiteTeam "SG Solingen"]
[BlackTeam "SF Katernberg"]
[WhiteFideId "12944572"]
[BlackFideId "12936731"]
[EventCountry "GER"]
[EventRounds "7"]
[EventType "team-swiss"]
[EventDate "2013.12.26"]

1. c4 e5 2. g3 c6 3. d4 e4 4. Bg2 d5 5. Bf4 h6 6. Qb3 Bd6 7. e3 Nf6 8. Ne2 O-O
9. O-O b6 10. Nbc3 Be6 11. cxd5 cxd5 12. Bxd6 Qxd6 13. Nf4 Nc6 14. Nb5 Qd7 15.
Nxe6 fxe6 16. Bh3 Rf7 17. Qa3 Rd8 18. Rac1 g5 19. Qc3 Rc8 20. Qa3 Rd8 21. Rc2
g4 22. Bg2 Ne8 23. Rfc1 Rc8 24. Qc3 Ne7 25. Qb3 Rxc2 26. Rxc2 Nd6 27. Bf1 Nc6
28. Nxd6 Qxd6 29. Qc3 Nb4 30. Qa3 Rd7 31. Rc8+ Kg7 32. Ra8 a5 33. Bb5 Rc7 34.
Qb3 Rc1+ 35. Kg2 Nc2 36. Ra7+ Kf6 37. h3 Ne1+ 38. Kf1 Nf3+ 39. Ke2 Re1# 0-1

[Event "DVM U16 2013"]
[Site "Lingen (Ems) GER"]
[Date "2013.12.29"]
[Round "5"]
[White "Fortenbacher, Florian"]
[Black "Walter, Kevin"]
[Result "0-1"]
[Termination "normal"]
[Board "9.1"]
[WhiteElo "1745"]
[BlackElo "1976"]
[WhiteTeam "Gütersloher SV"]
[BlackTeam "SK Sontheim/Brenz"]
[WhiteFideId "12979317"]
[BlackFideId "12906654"]
[EventCountry "GER"]
[EventRounds "7"]
[EventType "team-swiss"]
[EventDate "2013.12.26"]

1. e4 c5 2. Nc3 e6 3. Nf3 a6 4. d4 cxd4 5. Nxd4 Qc7 6. Be2 Nf6 7. a3 d6 8. O-O
Nbd7 9. Kh1 b5 10. f4 Bb7 11. Bf3 g6 12. Be3 e5 13. Nde2 Be7 14. Qd2 Nc5 15.
Ng3 h5 16. fxe5 dxe5 17. Nd5 Bxd5 18. exd5 Rd8 19. Bxc5 Qxc5 20. Ne4 Nxe4 21.
Bxe4 f5 22. Bf3 e4 23. Bd1 Rxd5 24. Qa5 Rd6 25. a4 Qc4 26. Qe1 Bh4 27. g3 Bf6
28. Be2 Qc5 29. axb5 axb5 30. Ra5 O-O 31. c3 Rb8 32. Qc1 Kg7 33. Qf4 Rb7 34.
Qc1 Qc6 35. Qe3 Qb6 36. Qxb6 Rdxb6 37. Rc1 b4 38. Kg2 Rc7 39. Ra8 bxc3 40. bxc3
Rb2 41. Kf1 Rxc3 42. Ra7+ Kh6 43. Rd1 Rcc2 44. h4 Rxe2 45. Rdd7 Rf2+ 46. Kg1
Rg2+ 47. Kh1 Rh2+ 48. Kg1 Bd4+ 49. Rxd4 Rbg2+ 50. Kf1 Rxg3 51. Rdd7 Rxh4 0-1

[Event "DVM U16 2013"]
[Site "Lingen (Ems) GER"]
[Date "2013.12.29"]
[Round "5"]
[White "Romes, Max"]
[Black "Kandler, Pascal"]
[Result "1-0"]
[Termination "normal"]
[Board "9.2"]
[WhiteElo "1922"]
[BlackElo "1539"]
[WhiteTeam "SK Sontheim/Brenz"]
[BlackTeam "Gütersloher SV"]
[WhiteFideId "12928968"]
[BlackFideId "12964964"]
[EventCountry "GER"]
[EventRounds "7"]
[EventType "team-swiss"]
[EventDate "2013.12.26"]

1. e4 c5 2. d4 cxd4 3. c3 Nf6 4. e5 Nd5 5. Qxd4 e6 6. Nf3 Nc6 7. Qe4 d6 8. Bb5
Bd7 9. c4 Nb6 10. exd6 Bxd6 11. Nc3 O-O 12. Ng5 g6 13. Qh4 h5 14. g4 f6 15.
Nge4 Be7 16. gxh5 g5 17. Qg3 Kh7 18. h4 Nd4 19. Qd3 Nf5 20. hxg5 fxg5 21. Be3
Bxb5 22. Qxd8 Rfxd8 23. Bxb6 axb6 24. cxb5 Nd4 25. Rd1 Rd7 26. Kf1 Rad8 27. Kg2
Rf8 28. Ne2 e5 29. Rd3 Kh6 30. Nxd4 exd4 31. Ng3 Rd5 32. Re1 Bc5 33. Re6+ Kh7
34. Ne4 Rdf5 35. Rg6 Kh8 36. Rxg5 Rxg5+ 37. Nxg5 Rf5 38. Ne4 Rxh5 39. Rh3 Rxh3
40. Kxh3 Kg7 41. Kg3 Kf7 42. Nxc5 bxc5 43. Kf4 c4 44. Ke4 d3 45. Ke3 Ke6 46. b3
cxb3 47. axb3 d2 48. Kxd2 1-0

[Event "DVM U16 2013"]
[Site "Lingen (Ems) GER"]
[Date "2013.12.29"]
[Round "5"]
[White "Pfaffenrot, Daniel"]
[Black "Walter, Daniel"]
[Result "1-0"]
[Termination "normal"]
[Board "9.3"]
[WhiteElo "1563"]
[BlackElo "1271"]
[WhiteTeam "Gütersloher SV"]
[BlackTeam "SK Sontheim/Brenz"]
[WhiteFideId "12964972"]
[BlackFideId "12983110"]
[EventCountry "GER"]
[EventRounds "7"]
[EventType "team-swiss"]
[EventDate "2013.12.26"]

1. d4 d5 2. c4 c6 3. Nc3 Nf6 4. Nf3 e6 5. Bg5 Nbd7 6. e3 Be7 7. Bd3 dxc4 8.
Bxc4 O-O 9. O-O b6 10. Qc2 Bb7 11. e4 Rc8 12. Bf4 c5 13. d5 exd5 14. exd5 Nh5
15. Be3 Bd6 16. Rad1 Ne5 17. Nxe5 Bxe5 18. Qf5 Bxc3 19. bxc3 Nf6 20. Bg5 Qd7
21. Qxd7 Nxd7 22. Be7 Rfe8 23. Rfe1 a6 24. a4 g6 25. d6 Kg7 26. f4 Kg8 27. Rf1
Bc6 28. Bxa6 Ra8 29. Bb5 Bxb5 30. axb5 f5 31. c4 Kf7 32. Ra1 Rec8 33. Ra6 Rcb8
34. Rfa1 Rxa6 35. bxa6 Ra8 36. a7 Ke8 37. Ra6 h6 38. Kf2 h5 39. Kg3 Nf8 40.
Rxb6 Nd7 41. Ra6 Nf8 42. Bxf8 Kxf8 43. Kh4 Kf7 44. Kg5 Ke6 45. Kxg6 Rg8+ 46.
Kxh5 Rxg2 47. a8=Q Rxh2+ 1-0

[Event "DVM U16 2013"]
[Site "Lingen (Ems) GER"]
[Date "2013.12.29"]
[Round "5"]
[White "Walliser, Pascal"]
[Black "Haase, Kai"]
[Result "0-1"]
[Termination "normal"]
[Board "9.4"]
[WhiteElo "1450"]
[BlackElo "1570"]
[WhiteTeam "SK Sontheim/Brenz"]
[BlackTeam "Gütersloher SV"]
[WhiteFideId "12983128"]
[BlackFideId "12964999"]
[EventCountry "GER"]
[EventRounds "7"]
[EventType "team-swiss"]
[EventDate "2013.12.26"]

1. e4 e5 2. Nf3 Nc6 3. d4 exd4 4. Bc4 Bc5 5. c3 d3 6. Qxd3 d6 7. O-O Nf6 8. Bf4
O-O 9. Nbd2 Bd7 10. Nb3 Bb6 11. Nbd4 h6 12. e5 dxe5 13. Bxe5 Nxe5 14. Nxe5 Ng4
15. Ng6 Re8 16. Rfe1 Qf6 17. f3 Ne5 18. Nxe5 Rxe5 19. Rxe5 Qxe5 20. Kh1 Re8 21.
Qd2 Kf8 22. Bb3 Bxd4 23. cxd4 Qd6 24. Rd1 Rd8 25. Qe2 Bf5 26. Qc4 Be6 27. d5 c6
28. Qe2 Bxd5 29. Bxd5 cxd5 30. g3 Qe7 31. Qd3 Kg8 32. Qb5 Qd7 33. Qb4 a6 34.
Rd4 Qe6 35. Qd2 Qf5 36. Qd1 Qe6 37. Qd2 Qc6 38. b3 Qb5 39. Qd1 Qa5 40. Qe2 Qc5
41. Qd2 b6 42. Rg4 Qd6 43. Qd4 f6 44. Qd3 Qe7 45. Qd2 g5 46. Rd4 Qe6 47. Kg2
Kg7 48. a4 Qc6 49. Rd3 b5 50. Rd4 bxa4 51. bxa4 Qc5 52. Kh3 Qa3 53. Kg2 Qa1 54.
a5 h5 55. Rxd5 Rxd5 56. Qxd5 Qb2+ 57. Kh3 Qe2 58. g4 Qf1+ 0-1

[Event "DVM U16 2013"]
[Site "Lingen (Ems) GER"]
[Date "2013.12.29"]
[Round "5"]
[White "Herbrig, Alexander"]
[Black "Wunder, Anton"]
[Result "1/2-1/2"]
[Termination "normal"]
[Board "10.1"]
[WhiteElo "1885"]
[BlackElo "1751"]
[WhiteTeam "SC Einheit Bautzen"]
[BlackTeam "Heilbronner SV"]
[WhiteFideId "12952044"]
[BlackFideId "12964352"]
[EventCountry "GER"]
[EventRounds "7"]
[EventType "team-swiss"]
[EventDate "2013.12.26"]

1. e4 e6 2. d4 d5 3. Nc3 Nf6 4. Bg5 h6 5. Bxf6 Qxf6 6. exd5 Bb4 7. dxe6 Bxe6 8.
Bb5+ c6 9. Be2 O-O 10. Nf3 c5 11. O-O Rd8 12. Ne4 Qf4 13. Ng3 cxd4 14. c3 Bc5
15. cxd4 Bxd4 16. Nxd4 Rxd4 17. Qc1 Qd6 18. Rd1 Nc6 19. Qe3 Qc5 20. b3 Rad8 21.
Rxd4 Nxd4 22. Ne4 1/2-1/2